000 00599nam a22001937a 4500
005 20250528123018.0
010 _aENG-144990
020 _c625.00
_a9789389848638
035 _aEN-128522
037 _bDBAD
082 _a634.95
245 _aUnited Nations & Global Conflicts/
_cEdited By Vijay Kumar Verma
250 _a(Rep)
260 _aNew Delhi
_bPinnacle Learning
_c2023
270 _bNew Delhi
_a24, D.D.A Shopping Complex Ber Sarai,
_e110016
_k65664085
_mpinnaclelearning@hotmail.com
300 _a421p.
_c21cm(pb)
700 _975509
942 _2ddc
_cEN
_h634.95
_mUNI
999 _c211426
_d211426